Vážne problémy financovania lesného hospodárstva. 1

Objektívne činitele, ktoré zapríčiňujú znižovanie rentability lesníctva na Slovensku v posledných desaťročiach. Ťažobné možnosti lesov. Ekonomická efektívnosť hospodárenia. Štátna podpora lesného hospodárstva v SR. Štátne investičné dotácie.

Gespeichert in:
Bibliographische Detailangaben
1. Verfasser: Michalík, I.
Format: Buchkapitel
Sprache:Slowakisch
Schlagworte:
Tags: Tag hinzufügen
Keine Tags, Fügen Sie das erste Tag hinzu!

MARC

LEADER 00000naa a2200000 4500
001 r023547
005 20230824085513.1
041 0 |a slo 
044 |a SK 
245 1 0 |a Vážne problémy financovania lesného hospodárstva. 1  |c I. Michalík 
520 |a Objektívne činitele, ktoré zapríčiňujú znižovanie rentability lesníctva na Slovensku v posledných desaťročiach. Ťažobné možnosti lesov. Ekonomická efektívnosť hospodárenia. Štátna podpora lesného hospodárstva v SR. Štátne investičné dotácie. 
610 2 0 |a Slovensko 
610 2 0 |a 1994-1996 
610 2 0 |a hospodárstvo lesné 
610 2 0 |a dotácie investičné 
610 2 0 |a lesníctvo 
610 2 0 |a ťažba dreva 
100 1 |a Michalík, I.